| 000 | 00397nam a2200121Ia 4500 | ||
|---|---|---|---|
| 008 | 220620s9999||||xx |||||||||||||| ||und|| | ||
| 245 | 0 |
_aMolecular Photochemistry _bVarious Aspects |
|
| 546 | _aEnglish[eng] | ||
| 650 | _aNuclear chemistry, photochemistry & radiation | ||
| 700 | _aSaha, Satyen | ||
| 856 | _uhttps://mts.intechopen.com/storage/books/1594/authors_book/authors_book.pdf | ||
| 942 | _cEB | ||
| 999 |
_c27880 _d27880 |
||